[Event "Athens Iraklion op 25th"]
[Site "Athens"]
[Date "2023.06.22"]
[Round "6"]
[White "Pothos, Aris"]
[Black "Koulouris, Evangelos"]
[Result "0-1"]
[WhiteElo "1616"]
[BlackElo "1940"]
[PlyCount "92"]
[EventDate "2023.06.17"]
[EventType "swiss"]
[EventRounds "9"]
[EventCountry "GRE"]
[SourceTitle "CBM 214 Extra"]
[Source "ChessBase"]
[SourceDate "2023.07.31"]
[SourceVersion "1"]
[SourceVersionDate "2023.07.31"]
[SourceQuality "1"]

1. d4 Nf6 2. Bf4 e6 3. e3 c5 4. c3 Nc6 5. Nd2 d5 6. Ngf3 Nh5 7. Bg5 Qb6 8. Qb3 h6 9. Bh4 g5 10. Bg3 Nxg3 11. hxg3 g4 12. Ng1 Bd7 13. Qxb6 axb6 14. Bb5 Bd6 15. Ne2 Ra5 16. Bxc6 bxc6 17. Rh5 f6 18. Nf4 Kf7 19. a3 c4 20. 0-0-0 e5 21. Ne2 Kg6 22. Rh4 b5 23. e4 Be7 24. Rhh1 c5 25. Nf1 cxd4 26. cxd4 b4 27. dxe5 bxa3 28. Nf4+ Kh7 29. bxa3 Bxa3+ 30. Kd2 d4 31. Nd5 Rxd5 32. exd5 fxe5 33. Ra1 c3+ 34. Kc2 Bf5+ 35. Kb3 Rb8+ 36. Kc4 Rb4+ 37. Kc5 Ra4+ 38. Kc6 Rc4+ 39. Kb7 Bb4 40. Ne3 dxe3 41. fxe3 c2 42. e4 Bxe4 43. Ra4 Bxd5+ 44. Kb6 Bc5+ 45. Kb5 Rxa4 46. Kxc5 Rc4+ 0-1

[Event "GRE-chT U16"]
[Site "Thessaloniki"]
[Date "2021.12.19"]
[Round "6.2"]
[White "Tsouchnikas, Georgios"]
[Black "Pothos, Aris"]
[Result "0-1"]
[WhiteElo "1393"]
[BlackElo "1315"]
[PlyCount "94"]
[EventDate "2021.12.16"]
[EventType "team-swiss"]
[EventRounds "6"]
[EventCountry "GRE"]
[SourceTitle "CBM 205 Extra"]
[Source "ChessBase"]
[SourceDate "2022.01.31"]
[SourceVersion "1"]
[SourceVersionDate "2022.01.31"]
[SourceQuality "1"]
[WhiteTeam "Kalamarias Han"]
[BlackTeam "Acharnon"]
[WhiteTeamCountry "GRE"]
[BlackTeamCountry "GRE"]

1. c4 e6 2. Nc3 d5 3. cxd5 exd5 4. d4 Nf6 5. Nf3 c6 6. e3 Bf5 7. Bd3 Bg6 8. 0-0 Bd6 9. Ne5 Bxe5 10. dxe5 Ne4 11. Qc2 Nxc3 12. bxc3 0-0 13. Ba3 Re8 14. f4 Bxd3 15. Qxd3 Nd7 16. c4 Nb6 17. cxd5 Qxd5 18. Qe2 Nc4 19. Rad1 Qb5 20. Rb1 Qd5 21. Rbd1 Qb5 22. Rb1 Qd5 23. Rfd1 Qe4 24. Rb3 Nxa3 25. Rxa3 Rad8 26. Rad3 Rxd3 27. Rxd3 Qc4 28. Qd2 h6 29. Rd7 Qb5 30. a4 Qb3 31. Qd4 a5 32. Kf2 b5 33. axb5 cxb5 34. Rb7 Qc2+ 35. Kg3 Qg6+ 36. Kf2 Qc2+ 37. Kg3 Qg6+ 38. Kf2 Rc8 39. Qd5 Rc2+ 40. Kf1 Rc1+ 41. Kf2 Rc2+ 42. Kf1 Rb2 43. Rd7 Qb1+ 44. Qd1 Qxd1+ 45. Rxd1 a4 46. g4 a3 47. g5 a2 0-1

[Event "GRE-chT U16"]
[Site "Thessaloniki"]
[Date "2021.12.18"]
[Round "4.2"]
[White "Pothos, Aris"]
[Black "Poupalos, Nikolaos"]
[Result "1/2-1/2"]
[WhiteElo "1315"]
[BlackElo "1989"]
[PlyCount "79"]
[EventDate "2021.12.16"]
[EventType "team-swiss"]
[EventRounds "6"]
[EventCountry "GRE"]
[SourceTitle "CBM 205 Extra"]
[Source "ChessBase"]
[SourceDate "2022.01.31"]
[SourceVersion "1"]
[SourceVersionDate "2022.01.31"]
[SourceQuality "1"]
[WhiteTeam "Acharnon"]
[BlackTeam "Peiraikos"]
[WhiteTeamCountry "GRE"]
[BlackTeamCountry "GRE"]

1. d4 Nf6 2. Bf4 e6 3. e3 c5 4. c3 cxd4 5. exd4 Be7 6. Nd2 b6 7. Ngf3 Bb7 8. Bd3 0-0 9. Qe2 d6 10. 0-0 Nbd7 11. Ne4 Nxe4 12. Bxe4 Bxe4 13. Qxe4 Nf6 14. Qe2 a6 15. h3 Qd7 16. Nd2 Rfc8 17. Rfc1 b5 18. Bg5 Nd5 19. Bxe7 Qxe7 20. c4 bxc4 21. Rxc4 Rxc4 22. Qxc4 Qb7 23. Qb3 Qb4 24. Nc4 g6 25. Qxb4 Nxb4 26. a3 Nc6 27. Nxd6 Rd8 28. Nb7 Rd5 29. Rc1 Nxd4 30. Rc8+ Kg7 31. Nc5 Ne2+ 32. Kh2 a5 33. b4 axb4 34. axb4 Rd4 35. b5 Rb4 36. Rb8 Nd4 37. b6 Nc6 38. Rb7 Na5 39. Ra7 Nc6 40. Rb7 1/2-1/2

[Event "GRE-ch South U12"]
[Site "Athens"]
[Date "2020.09.03"]
[Round "9"]
[White "Pothos, Aris"]
[Black "Theodoroglakis, Ioannis"]
[Result "1-0"]
[WhiteElo "1364"]
[BlackElo "1121"]
[PlyCount "59"]
[EventDate "2020.08.28"]
[EventType "swiss"]
[EventRounds "9"]
[EventCountry "GRE"]
[SourceTitle "EXT 2023"]
[Source "ChessBase"]
[SourceDate "2022.10.05"]
[SourceVersion "1"]
[SourceVersionDate "2022.10.05"]
[SourceQuality "1"]

1. d4 d5 2. Bf4 Nf6 3. e3 e6 4. Nd2 c5 5. c3 Bd6 6. Bg3 Nc6 7. Ngf3 b6 8. Bd3 Bb7 9. 0-0 0-0 10. Qe2 Re8 11. Ne5 Nd7 12. Nxc6 Bxc6 13. Bxd6 e5 14. Bb5 Bxb5 15. Qxb5 exd4 16. exd4 cxd4 17. cxd4 Nf6 18. Be5 Ng4 19. Nf3 Nh6 20. Rac1 Nf5 21. Bc7 Qf6 22. Be5 Qd8 23. Bc7 Qf6 24. Qxd5 Rac8 25. Be5 Qg6 26. Rxc8 Rxc8 27. Qd7 Qc6 28. Qxf5 Re8 29. Ng5 g6 30. Qxf7# 1-0

[Event "GRE-ch South U12"]
[Site "Athens"]
[Date "2020.08.31"]
[Round "5"]
[White "Pothos, Aris"]
[Black "Zavalis, Nikiforos Nikolaos"]
[Result "1/2-1/2"]
[WhiteElo "1364"]
[BlackElo "1081"]
[PlyCount "74"]
[EventDate "2020.08.28"]
[EventType "swiss"]
[EventRounds "9"]
[EventCountry "GRE"]
[SourceTitle "EXT 2023"]
[Source "ChessBase"]
[SourceDate "2022.10.05"]
[SourceVersion "1"]
[SourceVersionDate "2022.10.05"]
[SourceQuality "1"]

1. d4 d5 2. Bf4 e6 3. e3 a6 4. Nd2 Bd6 5. Bg3 Nf6 6. Ngf3 Nc6 7. Bd3 Qe7 8. 0-0 Bxg3 9. hxg3 e5 10. dxe5 Nxe5 11. Qe2 0-0 12. e4 Nxd3 13. cxd3 dxe4 14. dxe4 Bg4 15. Qc4 b5 16. Qc6 Rfe8 17. e5 Bxf3 18. Nxf3 Ng4 19. Rfe1 Ra7 20. Rad1 g6 21. Rd7 Qe6 22. Rxc7 Rxc7 23. Qxc7 Qxa2 24. Qd7 Qe6 25. Qd4 f5 26. Ng5 Qc6 27. f3 Rxe5 28. Rd1 Re2 29. Qd8+ Re8 30. Qd4 Nf6 31. Qd6 Qxd6 32. Rxd6 Nh5 33. Rxa6 Re1+ 34. Kf2 Rc1 35. Ra8+ Kg7 36. Ra7+ Kg8 37. Ra8+ Kg7 1/2-1/2

[Event "GRE-ch South U12"]
[Site "Athens"]
[Date "2020.08.30"]
[Round "4"]
[White "Kavvadias, Dimitrios"]
[Black "Pothos, Aris"]
[Result "0-1"]
[WhiteElo "1017"]
[BlackElo "1364"]
[PlyCount "56"]
[EventDate "2020.08.28"]
[EventType "swiss"]
[EventRounds "9"]
[EventCountry "GRE"]
[SourceTitle "EXT 2023"]
[Source "ChessBase"]
[SourceDate "2022.10.05"]
[SourceVersion "1"]
[SourceVersionDate "2022.10.05"]
[SourceQuality "1"]

1. e4 d5 2. exd5 Qxd5 3. Nc3 Qd6 4. d4 Nf6 5. Nf3 a6 6. Bd3 Bg4 7. h3 Bh5 8. Ne4 Nxe4 9. Bxe4 e6 10. Bxb7 Qb4+ 11. Bd2 Qxb7 12. b3 Bxf3 13. gxf3 Bd6 14. Rg1 g6 15. Qe2 Qd5 16. c3 Be7 17. Bf4 c6 18. Qd3 Qf5 19. Qd2 0-0 20. Rg3 Nd7 21. Ke2 Nb6 22. Rh1 Nd5 23. Bh6 Rfd8 24. h4 Bf8 25. h5 Bxh6 26. Qxh6 Nf4+ 27. Ke3 Qd3+ 28. Kxf4 Qd2+ 0-1

[Event "GRE-ch South U12"]
[Site "Athens"]
[Date "2020.08.29"]
[Round "2"]
[White "Oikonomopoulos, Filippos"]
[Black "Pothos, Aris"]
[Result "1-0"]
[WhiteElo "1630"]
[BlackElo "1364"]
[PlyCount "123"]
[EventDate "2020.08.28"]
[EventType "swiss"]
[EventRounds "9"]
[EventCountry "GRE"]
[SourceTitle "EXT 2023"]
[Source "ChessBase"]
[SourceDate "2022.10.05"]
[SourceVersion "1"]
[SourceVersionDate "2022.10.05"]
[SourceQuality "1"]

1. e4 d5 2. exd5 Qxd5 3. Nc3 Qd6 4. d4 Nf6 5. Nf3 a6 6. Bd3 Bg4 7. Ne4 Qc6 8. Nxf6+ exf6 9. Qe2+ Qe6 10. 0-0 Qxe2 11. Bxe2 Bd6 12. c4 c6 13. Re1 0-0 14. Nh4 Re8 15. Be3 Bxe2 16. Rxe2 Nd7 17. Rae1 Bb4 18. Bd2 Rxe2 19. Rxe2 Bxd2 20. Rxd2 g6 21. d5 Nb6 22. dxc6 bxc6 23. b3 Kf8 24. Rd6 Rc8 25. Rxf6 Ke7 26. Rf3 Rd8 27. Re3+ Kd6 28. Rd3+ Kc7 29. Rxd8 Kxd8 30. Nf3 f6 31. Nd4 Kd7 32. c5 Nd5 33. Kf1 a5 34. a3 Nc7 35. b4 Na6 36. Nc2 axb4 37. axb4 Ke6 38. Ke2 Kd5 39. Kd3 g5 40. Ne3+ Ke5 41. Kc4 Nc7 42. Nd1 Ke6 43. Nc3 Kd7 44. b5 cxb5+ 45. Nxb5 Ne6 46. g3 f5 47. Kd5 f4 48. c6+ Ke7 49. c7 fxg3 50. c8Q Nf4+ 51. Ke4 gxh2 52. Qc7+ Kf8 53. Qd8+ Kf7 54. Kf5 Ng6 55. Nd6+ Kg7 56. Qf6+ Kg8 57. Ne8 Nh4+ 58. Kg4 h5+ 59. Kxh5 Nf5 60. Qxg5+ Kh8 61. Qg2 Ng3+ 62. fxg3 1-0